| 000 | 00659nam a22001817a 4500 | ||
|---|---|---|---|
| 005 | 20251108172305.0 | ||
| 008 | 250721s9999 xx 000 0 ara d | ||
| 082 | 1 | 4 | _a956.463/عبد |
| 100 | 1 | _aأبو ليل، عبد الرزاق | |
| 245 | 1 | 0 | _aقصة مدينة اللد / |
| 264 | 1 |
_aعمان : _bالمنظمه العربيه للتربيه و الثقافه العلوم - دائرة الثقافه بمنظمة التحرري الفلسطينيه، _c[19-]. |
|
| 300 | _a66ص | ||
| 490 | 0 | _aالمدن الفلسطينيه ؛13 | |
| 650 | 1 | 7 | _aتاريخ فلسطين |
| 650 | 1 | 7 | _aاللد ( مدينه ) |
| 942 |
_2ddc _cBK |
||
| 999 |
_c75312 _d75312 |
||